El apio: técnicas de cultivo

Na minha lista:
Detalhes bibliográficos
Autor principal: Maroto Borrego, José Vicente (autor)
Formato: Livro
Idioma:espanhol
Publicado em: Madrid Mundi-Prensa 1991
Assuntos:
Tags: Adicionar Tag
Sem tags, seja o primeiro a adicionar uma tag!

MARC

LEADER 00000nam a2200000 a 4500
001 UCQ3576
003 CL-VaPUC
008 980821e19910000SP |||||||||||||||||spa|d
082 0 4 |a 635.53  |b MAR  |2 21 
100 |a Maroto Borrego, José Vicente  |e autor  |9 559405 
245 1 3 |a El apio: técnicas de cultivo 
300 |a 108 p 
942 |c BK 
945 |d 19980821 00:00:00  |a mvenant 
260 |a Madrid  |b Mundi-Prensa  |c 1991 
650 0 |a Apio (Apium graveolens)  |9 404776 
650 0 |a Fertilizantes  |9 262833 
650 0 |a Cultivo  |9 264268 
650 7 |a SUELO  |2 CL-VaPUC  |9 348469 
650 0 |a Producción   |9 263680 
650 0 |a Botánica  |9 264202 
650 0 |a Fertilización   |9 259681 
650 0 |a Control de plagas  |9 327373 
583 |a last modification  |c 19980821 00:00:00  |k Rodrigo Vera 
999 |c 274097  |d 274095 
952 |0 0  |1 0  |4 0  |6 635_530000000000000_MAR_1991  |7 0  |8 A  |9 310156  |a BIBAGR  |b BIBAGR  |d 2019-11-20  |i 3453847  |l 2  |o 635.53 MAR 1991  |p 3453847  |r 2025-01-20  |s 2024-09-26  |w 2019-11-20  |y BK  |k AGR